000 00513nam a22001577a 4500
008 130821s ck gr spa
040 _aCo-BoUCM
_bspa
041 0 0 _aspa
100 1 _aArenas, Antonio Vicente
_997163
245 0 0 _aCartas ejemplares
_cAntonio Vicente Arenas
260 _aBucaramanga (Colombia)
_bEditorial "La Cabaña"
_c[fecha desconocida]
300 _a183 páginas
500 _aIncluye índice
942 _cLIBRO
_a18
_e1
_mA73
_n0
_2DEWEY
_h808.86
999 _c87962
_d87962